Lyric Test : Lazy Scranton Quiz Stats

 Plays Quiz not verified by Sporcle

Challenge
Share
Tweet
Embed
Score 0/193 Timer 15:00
0 Plays Today
Lyrics % Correct
in
100%
dwight
100%
just
100%
to
100%
see
100%
what
100%
is
100%
in
100%
scranton
100%
what
100%
scranton
100%
what
100%
Scranton
100%
to
100%
to
100%
see
100%
to
100%
to
100%
is
100%
in
100%
in
100%
scranton
100%
what
100%
scranton
100%
what
100%
scranton
100%
what
100%
scranton
100%
what
100%
my
92.3%
a
92.3%
bacon
92.3%
call
92.3%
my
92.3%
man
92.3%
Yo
92.3%
and
92.3%
the
92.3%
call
92.3%
the
92.3%
the
92.3%
the
92.3%
call
92.3%
the
92.3%
and
92.3%
and
92.3%
the
92.3%
call
92.3%
a
92.3%
the
92.3%
and
92.3%
yo
92.3%
the
92.3%
the
92.3%
do
92.3%
and
92.3%
the
92.3%
go
92.3%
the
92.3%
the
92.3%
cars
92.3%
go
92.3%
the
92.3%
compact
92.3%
spot
92.3%
Lyrics % Correct
spot
92.3%
spot
92.3%
spot
92.3%
spot
92.3%
call
92.3%
the
92.3%
the
92.3%
the
92.3%
the
92.3%
sittin
84.6%
office
84.6%
with
84.6%
plate
84.6%
of
84.6%
grilled
84.6%
shakin
84.6%
mike
84.6%
our
84.6%
town
84.6%
dope
84.6%
pretty
84.6%
check
84.6%
out
84.6%
how
84.6%
we
84.6%
live
84.6%
electric
84.6%
city
84.6%
they
84.6%
it
84.6%
electric
84.6%
city
84.6%
electric
84.6%
city
84.6%
electric
84.6%
city
84.6%
they
84.6%
it
84.6%
of
84.6%
out
84.6%
our
84.6%
but
84.6%
check
84.6%
your
84.6%
health
84.6%
care
84.6%
your
84.6%
town
84.6%
check
84.6%
it
84.6%
out
84.6%
dope
84.6%
of
84.6%
but
84.6%
little
84.6%
they
84.6%
it
84.6%
electric
84.6%
city
84.6%
electric
84.6%
city
84.6%
electric
84.6%
city
84.6%
electric
84.6%
city
84.6%
Lyrics % Correct
was
76.9%
so
76.9%
Lazy
76.9%
that
76.9%
because
76.9%
electricity
76.9%
poison
76.9%
control
76.9%
if
76.9%
bit
76.9%
by
76.9%
spider
76.9%
that
76.9%
its
76.9%
covered
76.9%
by
76.9%
provider
76.9%
you
76.9%
you
76.9%
you
76.9%
from
69.2%
east
69.2%
west
69.2%
public
69.2%
parks
69.2%
libraries
69.2%
are
69.2%
truly
69.2%
best
69.2%
you're
69.2%
are
69.2%
space
69.2%
parking
69.2%
lot
69.2%
laid
61.5%
hungry
53.8%
quit
53.8%
whining
53.8%
five
53.8%
star
53.8%
dining
53.8%
city's
46.2%
new
46.2%
down
46.2%
has
46.2%
anthracite
46.2%
museum
46.2%
plenty
46.2%
coal
38.5%
thing
38.5%
place
38.5%
well
30.8%
lack
30.8%
mines
30.8%
want
30.8%
them
30.8%
well
30.8%
thats
30.8%
several
30.8%
counting
30.8%
illest
30.8%
montage
30.8%
mountain
30.8%

You're not logged in!

Compare scores with friends on all Sporcle quizzes.
Join for Free
OR
Log In

You Might Also Like...

Show Comments

Extras

Created Dec 13, 2016ReportNominate
Tags:scranton, test

Top Quizzes Today


Score Distribution

Your Account Isn't Verified!

In order to create a playlist on Sporcle, you need to verify the email address you used during registration. Go to your Sporcle Settings to finish the process.

Report this User

Report this user for behavior that violates our Community Guidelines.

Details: